| 000 | 00506nam a2200145 a 4500 | ||
|---|---|---|---|
| 090 |
_aIAVH _b01299 CD-5 |
||
| 041 | _aspa | ||
| 245 | _aMapa productivo de Córdoba | ||
| 249 | _aInforme de actividades de apoyo en los eventos de socialización y retroalimentación del PAB Córdoba | ||
| 260 |
_aMontería _bIAVH _bCVS _c2008 |
||
| 300 | _a1 CD | ||
| 650 |
_aMapas _992258 |
||
| 662 | _bCórdoba | ||
| 773 | _tInforme de actividades de apoyo en los eventos de socialización y retroalimentación del PAB Córdoba | ||
| 999 |
_c7216 _d7216 |
||